Statistics for Huddersfield Town Best Scorer By Year

Click here to take the quiz!

General Stats

  • This quiz has been taken 40 times
  • The average score is 2 of 8

Answer Stats

Player% Correct
Aaron Mooy
59%
Steve Mounié
57%
Karlan Grant
38%
Frank Worthington
19%
Mathias Jørgensen
16%
Harold Hassall
11%
Jimmy Glazzard
11%
Jimmy Lawson
11%

Score Distribution

Percentile by Number Answered

Percent of People with Each Score

Your Score History

You have not taken this quiz